| 000 | 00840nam a22002537a 4500 | ||
|---|---|---|---|
| 005 | 20160901171557.0 | ||
| 010 | _aB-599410-428 ENG-115637 | ||
| 020 |
_a9788126541768 _c399.00 |
||
| 035 | _aB-599410-428 | ||
| 035 | _aEN-99169 | ||
| 037 | _bAsian Book Centre/Ven | ||
| 037 | _bDBAD/PUB | ||
| 082 | _a005.5 | ||
| 100 | _aWang, Wallace | ||
| 245 |
_aOffice 2013: for dummies a wiley brand/ _cby Wallace Wang |
||
| 260 |
_aNew Delhi _b Wiley _c2013 |
||
| 270 |
_a4435-36/7, Ansari Road, Daryaganj, _bNew Delhi _e110002 |
||
| 300 |
_a406p: _c23cm(pbk) _bill. |
||
| 500 | _amaking everything easier! | ||
| 700 | _aResnick,Robert | ||
| 700 | _aKrane,Kenneth S. | ||
| 942 |
_2ddc _cEN _h005.5 _mWAN |
||
| 999 |
_c96344 _d96344 |
||